Datum a čas kvízu

34 Celkem bodů Celkový počet nahraných bodů na tomto kvízu bez doplňovacích otázek.
13. Pořadí na kvízu Konečné umístění týmu na tomto kvízu.

Zaznamenané odpovědi

# Otázka Odpověď Body Výsledky
1. Ministr pro sport, prevenci a... A 1
2. Co neobvyklého našli lékaři v... dělostřelecký granát 1
3. Vstup ke které římské památce... k fontáně di Trevi 1
4. Která fiktivní postava z fanta... B) Draco Malfoy 1
5. Přestože oficiální zahájení ol... v curlingu 1
6. 29. května roku 1500 umírá pob... Bartolomeu Dias 0
7. 1. ledna 1700 jeden ruský car... Petr I. Veliký 1
8. Za kulatý letopočet budeme dne... Brouček 1
9. 19. března 1900 se v Paříži na... Frédéric Joliot-Curie 1
10. Od 15. září do 1. října 2000 s... Štěpánka Hilgertová; Sydney 0.5